| 000 | 00515cam a22001217a 4500 | ||
|---|---|---|---|
| 008 | 180718b1978 xxu||||| |||| 00| 0 eng d | ||
| 082 | _aI57 PMPC/2/78/2 | ||
| 245 | _aBackground material on project management through PERT/CPM for second course on project implementation, monitoring and evaluation- power (January 19- February 10, 1978) | ||
| 260 |
_aNew Delhi _bIndian Institute of Public Administration _c1978 |
||
| 300 | _av.p. | ||
| 500 | _aLibrary has Vol. 2 | ||
| 700 | _aIndian Institute of Public Administration | ||
| 999 |
_c503523 _d503523 |
||